000 01005cam a2200289 a 4500
999 _c328475
_d328475
001 4421448
003 Nust
005 20170407154641.0
008 931123r19921990enk 000 1 eng d
010 _a 93143293
020 _a9780141184524 (pbk) :
_c£6.99
035 _a(OCoLC)28376793
040 _aUk
_cUk
_dDLC
050 0 0 _aPR6045.O72
_bB42 1992
082 0 0 _a823.912
_bWOO
100 1 _aWoolf, Virginia,
_d1882-1941.
245 1 0 _aBetween the acts /
_cVirginia Woolf.
260 _aLondon :
_bHogarth,
_c1992.
300 _axiv, 149 p. ;
_c24 cm.
490 1 _aThe definitive collected edition of the novels of Virginia Woolf
650 0 _aPageants
_xFiction.
655 7 _aPsychological fiction.
_2lcsh
800 1 _aWoolf, Virginia,
_d1882-1941.
_tNovels.
906 _a7
_bcbc
_corignew
_d3
_encip
_f19
_gy-gencatlg
942 _2ddc
_cBK